| 000 | 00919nam a22002771 4500 | ||
|---|---|---|---|
| 001 | 33590 | ||
| 003 | BD-RjUL | ||
| 005 | 20211209052030.0 | ||
| 008 | 140510s1964 enk b 000 0 eng d | ||
| 035 | _a(BD-RjUL)33681 | ||
| 040 |
_aDLC _cDLC _dDLC _dBD-RjUL _beng |
||
| 041 | _aeng | ||
| 082 | 0 | 0 |
_a335.042 _bTAR 1964 |
| 100 | 1 |
_aTawney, R. H. _q(Richard Henry), _d1880-1962. _96154 |
|
| 245 | 1 | 4 |
_aThe radical tradition : _btwelve essays on politics, education, and literature / _cEdited by Rita Hinden. |
| 260 |
_aLondon : _bGeorge Allen & Unwin Ltd, _c1964. |
||
| 300 |
_a214 p. ; _c22 cm. |
||
| 504 | _aBibliographical footnotes. | ||
| 650 | 0 |
_aSocialism _zGreat Britain. _910731 |
|
| 650 | 0 |
_aEducation _zGreat Britain. _9101932 |
|
| 651 | 0 |
_aGreat Britain _xPolitics and government _y20th century. _95828 |
|
| 700 | 1 |
_aHinden Rita _9101933 |
|
| 942 |
_2ddc _cBK |
||
| 999 |
_c33590 _d33590 |
||